|
|
|
|
| LEADER |
00000naa2a2200000 4500 |
| 001 |
222173 |
| 005 |
20260216154426.0 |
| 035 |
|
|
|a (RuTPU)RU\TPU\book\242357
|
| 035 |
|
|
|a RU\TPU\book\241874
|
| 090 |
|
|
|a 222173
|
| 100 |
|
|
|a 20120919d2012 k y0rusy50 ca
|
| 101 |
0 |
|
|a rus
|
| 102 |
|
|
|a RU
|
| 135 |
|
|
|a drnn ---uucaa
|
| 181 |
|
0 |
|a i
|
| 182 |
|
0 |
|a b
|
| 200 |
1 |
|
|a Лазеры на парах металлов для неразрушающего контроля быстропротекающих процессов, экранированных фоновой засветкой
|f М. В. Тригуб
|g науч. рук. Г. С. Евтушенко
|
| 203 |
|
|
|a Текст
|c электронный
|
| 215 |
|
|
|a 1 файл (794 Кб)
|
| 225 |
1 |
|
|a Секция 2. Приборостроение
|
| 300 |
|
|
|a Заглавие с титульного листа
|
| 320 |
|
|
|a [Библиогр.: с. 268 (5 назв.)]
|
| 337 |
|
|
|a Adobe Reader
|
| 461 |
|
1 |
|0 (RuTPU)RU\TPU\book\240890
|t Современные техника и технологии
|o сборник трудов XVIII международной научно-практической конференции студентов, аспирантов и молодых ученых, Томск, 9-13 апреля 2012 г
|o в 3 т.
|f Национальный исследовательский Томский политехнический университет (ТПУ)
|d 2012
|
| 463 |
|
1 |
|0 (RuTPU)RU\TPU\book\240891
|t Т. 1
|v [С. 267-268]
|d 2012
|
| 606 |
1 |
|
|a Генераторы квантовые
|2 stltpush
|3 (RuTPU)RU\TPU\subj\5710
|9 33718
|
| 610 |
1 |
|
|a труды учёных ТПУ
|
| 610 |
1 |
|
|a электронный ресурс
|
| 610 |
1 |
|
|a лазеры на парах металлов
|
| 610 |
1 |
|
|a неразрушающий контроль
|
| 610 |
1 |
|
|a быстропротекающие процессы
|
| 610 |
1 |
|
|a экранирование
|
| 610 |
1 |
|
|a подсветка
|
| 675 |
|
|
|a 621.373.826
|v 3
|
| 700 |
|
1 |
|a Тригуб
|b М. В.
|c специалист в области неразрушающего контроля
|c профессор Томского политехнического университета, доктор технических наук
|f 1987-
|g Максим Викторович
|3 (RuTPU)RU\TPU\pers\25909
|9 11760
|
| 702 |
|
1 |
|a Евтушенко
|b Г. С.
|c российский специалист в области электрофизики
|c профессор Томского политехнического университета, доктор технических наук
|f 1947-
|g Геннадий Сергеевич
|4 727
|
| 801 |
|
2 |
|a RU
|b 63413507
|c 20130205
|g RCR
|
| 856 |
4 |
|
|u http://www.lib.tpu.ru/fulltext/v/Conferences/2012/C2/V1/v1_131.pdf
|
| 942 |
|
|
|c CF
|